| 000 | 00964nam0a2200289 4500 | ||
|---|---|---|---|
| 001 | RU\NLR\bibl\1781686 | ||
| 005 | 20250616135027.0 | ||
| 010 |
_a978-5-377-04328-7 _95000 |
||
| 021 |
_aRU _b2011-41944 _92981 |
||
| 021 |
_aRU _b2011-92005 _96591 |
||
| 021 |
_aRU _b2011-93218 _96679 |
||
| 035 | _a(NLR Aleph) 001772436 | ||
| 090 |
_a1646325 _c1646325 |
||
| 100 | _a20110621d2012 |||y0rusy50 ca | ||
| 101 | 0 | _arus | |
| 102 | _aRU | ||
| 105 | _ay ||||||||| | ||
| 200 | 1 | _aГрамматика английского языка. Сборник упражнений. Ч.1. 7 класс | |
| 205 | _a2-е изд., перераб. и доп. | ||
| 210 |
_aМосква _cЭкзамен _d2012 |
||
| 215 | _d24 | ||
| 700 | 1 |
_aБарашкова _bЕ. А. _4070 |
|
| 801 | 0 |
_aRU _bNLR _c20110621 _gRCR |
|
| 801 | 1 |
_aRU _bNLR _c20110621 |
|
| 942 | _cBOOK | ||
| 980 | _aNB | ||